000 01274cam a2200325 a 4500
001 203123
003 cu123
005 20250708114745.0
008 990416s2000 txua b 001 0 eng
010 _a 99062812
020 _a0030176387
040 _aDLC
_cDLC
_dDLC
050 0 0 _aHD4901
_b.K29 2000
082 0 0 _a331
_221
100 1 _aKaufman, Bruce E.
245 1 4 _aThe economics of labor markets /
_cBruce E. Kaufman, Julie L. Hotchkiss.
250 _a5th ed.
260 _aFort Worth :
_bDryden Press,
_cc2000.
300 _axxxiii, 718 p. :
_bill. ;
_c25 cm.
440 4 _aThe Dryden Press series in economics
504 _aIncludes bibliographical references and index.
650 0 _aLabor economics.
700 1 _aHotchkiss, Julie L.
856 4 2 _3Contributor biographical information
_uhttp://www.loc.gov/catdir/enhancements/fy1514/99062812-b.html
856 4 2 _3Publisher description
_uhttp://www.loc.gov/catdir/enhancements/fy1514/99062812-d.html
856 4 1 _3Table of contents only
_uhttp://www.loc.gov/catdir/enhancements/fy1514/99062812-t.html
906 _a7
_bcbc
_corignew
_d3
_eopcn
_f19
_gy-gencatlg
942 _2lcc
_cBK
_n0
999 _c6858
_d6858